000 01006nam a22002537a 4500
005 20130530152358.0
008 080922t xxu||||| |||| 00| 0 eng d
010 _aB-506542-543
020 _a9788131761809
035 _aB-506542-543
037 _bKKP/Ven
040 _adpl
_bEnglish
082 _a000
100 _aThorpe, Vandana
245 _aThe pearson guide to bank probationary officers' recruitment examination /
_cVandana Thorpe
246 _abank probationary officers' recruitment examination
250 _a2nd ed.
260 _aNoida
_bPearson
_c2012
270 _a7th floor, Knowledge Boulevard, A-8(A), Sector 62
_bNoida
_e201309
300 _aVarious pagings
_c25cm(pbk)
500 _acomprehensive coverage of IBPS's CWE, SBI's and other banks' PO examination format
942 _2ddc
_cEN
_mTHO
_h000
999 _c76349
_d76349